| 000 | 00773nam a22002057a 4500 | ||
|---|---|---|---|
| 005 | 20170605101453.0 | ||
| 020 |
_a9788131530573 _c650.00 |
||
| 035 | _aB-669701 | ||
| 037 | _bAsian Book Centre/Ven | ||
| 082 | _a535.028 | ||
| 100 | _aSharma, B.M. | ||
| 245 |
_aPhysics for joint entrance examination JEE (Advanced) : _b optics & modern physics / _cby B.M.Sharma |
||
| 250 | _a2nd ed | ||
| 260 |
_c2016 _aDelhi _bCengage Learning |
||
| 270 |
_a418, F.I.E.,Patparganj _bDelhi _e110092 |
||
| 300 |
_c28cm(pbk) _avarious pagings : _bill. |
||
| 490 | _aCengage learning's exam crack series | ||
| 942 |
_cEN _2ddc _mSHA _h535.028 |
||
| 999 |
_c140724 _d140724 |
||